[Event "Copenhagen Chess Challenge 2019"]
[Site "Ballerup"]
[Date "2019.05.16"]
[Round "3.4"]
[White "Egli, Urs"]
[Black "Rishovd, Svein"]
[Result "0-1"]
[WhiteElo "1906"]
[BlackElo "2105"]
[Annotator "TA"]
[PlyCount "72"]
[EventDate "2019.05.16"]
[EventCountry "DEN"]
[SourceTitle "playchess.com"]
[Source "ChessBase"]
[SourceQuality "1"]

{[%evp 9,84,15,12,-8,-9,-10,50,37,49,16,21,-18,-12,-8,-5,-26,-27,-37,-17,-25,-28,-47,0,5,10,29,23,0,64,61,56,60,176,50,52,35,92,0,82,0,0,0,22,11,8,-255,-246,-309,-156,-337,-327,-628,-609,-758,-698,-687,-632,-824,-788,-1124,-1108,-4998,-4902,-2549,-1708,-1612,-1498,-1587,-1535,-1591,-1544,-1437,-1580,-1643,-1612,-1534,-1475]} 1. e4 c5 2. Nf3 e6 3. d3 Nc6 4. g3 Nge7 5. Bg2 g6 6. d4 {B40: Sicilian: 2...e6, Unusual lines} (6. O-O Bg7 7. c3 O-O 8. Re1 e5 9. a3 d6 10. b4 Be6 11. b5 Nb8 12. c4 h6 13. Nc3 Nd7 14. Nd5 a6 15. Rb1 axb5 16. Rxb5 b6 17. Qb3 Ra6 18. Bd2 {½-½ (39) Carlsen,M (2832)-Grischuk,A (2750) chess.com INT 2017}) 6... cxd4 7. Nxd4 a6 (7... Bg7 $11 8. Be3 d5) 8. Be3 {White is slightly better.} Bg7 9. Nc3 d6 10. Qd2 Ne5 $1 11. Qe2 b5 12. Rd1 $146 ({Predecessor:} 12. f4 Nc4 13. a4 Nxe3 14. Qxe3 b4 15. Nce2 Rb8 {0-1 (32) Mathieu,G-Nicholson,J Sidcup 1972}) 12... O-O 13. O-O Bd7 14. f4 Nc4 15. Bc1 Qb6 (15... e5 $15 16. fxe5 Nxe5) 16. Qf2 $1 $11 b4 17. Nce2 $36 {[%mdl 2048] White has the initiative.} d5 18. f5 gxf5 (18... exf5 $11 19. exd5 (19. exf5 Nxf5 20. Nxf5 Bxf5 $15) 19... Rae8) 19. exf5 exf5 20. Nf4 Qd6 ({Better is} 20... Rac8 $14) 21. c3 (21. b3 $1 $18 {[%cal Rb3c4]} Nb6 22. Be3) 21... bxc3 $14 22. bxc3 Rac8 {[#]} (22... Rad8 $14) 23. Rfe1 ({White should try} 23. Nxd5 $1 $16 {[%mdl 512]} Nxd5 24. Nxf5 Bxf5 25. Rxd5) 23... Nb6 (23... Rfe8 $11 {remains equal.}) 24. Re2 (24. Nh5 $16 {aiming for Bf4.} Rfe8 25. Nxg7 Kxg7 26. Bf4) 24... Rxc3 $11 25. Bb2 Rc4 26. Nh5 Bh8 27. Rxe7 $4 {[%mdl 8192]} (27. Qe3 $11 {and White has nothing to worry.} Nbc8 28. Ba3) 27... Qxe7 $19 28. Nb3 {Strongly threatening Bxh8.} d4 ({Black should play} 28... Bxb2 $19 29. Qxb2 Qe3+ 30. Kh1 Rc3) 29. Re1 $2 (29. Bxd4 $17 {is a better defense.} Bxd4 30. Nxd4) 29... Qd6 30. Kh1 $2 (30. Rd1) 30... Rfc8 {Black is clearly winning.} 31. Rc1 Rxc1+ 32. Bxc1 Nc4 33. Bf4 Qe6 34. Nd2 Ne3 35. h4 Rc1+ 36. Nf1 Bc6 {Played: Rc1-c2} 0-1

[Event "Copenhagen Chess Challenge 2019"]
[Site "Ballerup"]
[Date "2019.05.16"]
[Round "3.5"]
[White "Ertan, Can"]
[Black "Jacobsen, Mikkel Manosri"]
[Result "1-0"]
[WhiteElo "2391"]
[BlackElo "2319"]
[Annotator "TA"]
[PlyCount "95"]
[EventDate "2019.05.16"]
[EventCountry "DEN"]
[SourceTitle "playchess.com"]
[Source "ChessBase"]
[SourceQuality "1"]

{[%evp 11,95,22,34,31,34,40,70,-12,39,34,24,-8,10,0,98,106,88,93,133,119,145,124,113,64,43,-8,3,-20,53,57,86,110,404,349,356,218,197,195,148,43,77,72,120,115,125,11,10,0,27,27,8,25,26,14,13,37,74,0,0,0,0,0,127,129,858,864,828,543,858,861,858,846,770,766,748,310,690,748,673,645,29992,29993,29993,29994,29994,29995]} 1. e4 c6 2. d4 d5 3. e5 Bf5 4. Nf3 e6 5. Be2 Ne7 6. O-O Nd7 7. a4 {[%cal Ba2a4,Ba4a5][%mdl 32] B12: Caro-Kann: Advance Variation} (7. Nbd2 c5 8. dxc5 Nc6 9. Nb3 Bxc5 10. Nxc5 Nxc5 11. Nd4 Bg6 12. Nxc6 bxc6 13. Be3 Nd7 14. f4 c5 15. c4 d4 {0-1 (38) Vachier Lagrave,M (2789)-Mamedyarov,S (2808) Stavanger 2018}) 7... h6 8. a5 a6 9. Nbd2 (9. b4 $14) 9... g5 (9... c5 $11) 10. c4 $146 ({Predecessor:} 10. b4 Ng6 11. c3 Nf4 12. Nb3 Nxe2+ 13. Qxe2 f6 14. Nc5 Bxc5 15. bxc5 {0-1 (52) Sadhwani,R (2451)-Bernadskiy,V (2550) Villorba 2019}) 10... Bg7 11. Ne1 Qc7 12. Nd3 Ng6 (12... c5 $11 {keeps the balance.}) 13. cxd5 $16 exd5 14. Nb3 O-O-O 15. Nb4 f6 16. Be3 {Strongly threatening Nxd5!} fxe5 17. Rc1 Ne7 18. Qd2 (18. dxe5 $14 Bxe5 {[%mdl 64] Double Attack} 19. Nd4) 18... Rdf8 19. Rc3 exd4 ({Black should try} 19... e4 $11) 20. Nxd4 $14 Qd6 (20... Qxa5 $6 21. Rfc1 $18) 21. Rfc1 $1 Kd8 $2 {[%mdl 8192]} (21... Bxd4 $16 {was necessary.} 22. Qxd4 Kd8) 22. Nbxc6+ bxc6 ({Much worse is} 22... Nxc6 23. Nxc6+ bxc6 24. Rxc6) 23. Nxc6+ Ke8 24. Nxe7 $1 Kxe7 {[#]} 25. Rc6 (25. Rc5 $1 $16 {[%cal Rc5d5][%mdl 512]} Be4 (25... Nxc5 26. Bxc5) 26. Rc6) 25... Qe5 {Black wants to play ...Rb8.} 26. Bf3 Rb8 27. Re1 Be4 28. b4 ({White should play} 28. Bxe4 $16 dxe4 29. Rd1) 28... Rhc8 $11 29. Rxa6 Qc3 30. Bxe4 Qxd2 31. Bxd2 dxe4 32. Rxe4+ Kf8 33. h4 $36 {[%mdl 2048] White is more active.} Rc2 {[#]} 34. Rd6 (34. Be3 $1 $16) 34... Nf6 35. Ree6 gxh4 36. Bxh6 Ne8 (36... Kf7 $1 $11 37. Bxg7 Rc1+ 38. Kh2 Ng4+ {[%mdl 64] Double Attack} 39. Kh3 Nxf2+ 40. Kxh4 Rxb4+ 41. Rd4 Rh1+ 42. Kg3 Rb3+ 43. Kxf2 Kxe6) 37. Rd7 $16 {Hoping for Bxg7+.} Rxb4 $2 {[%mdl 8192]} (37... Bxh6 $16 38. Rxh6 Kg8) 38. Bxg7+ $18 Nxg7 39. Rf6+ Kg8 {[#]} 40. Rg6 $1 Rb1+ 41. Kh2 Rcc1 42. Rgxg7+ {[%mdl 4096] Endgame KRR-KRR} Kf8 43. Rdf7+ Ke8 {[%csl Gb1][%cal Rc1h1]} 44. Kh3 Rh1+ 45. Kg4 {White wants to mate with Rh7.} Ra1 46. Ra7 {[%cal Rg7g8] White mates.} Kf8 47. Rgf7+ Ke8 48. Rh7 {Accuracy: White = 51%, Black = 37%.} 1-0

[Event "Copenhagen Chess Challenge 2019"]
[Site "Ballerup"]
[Date "2019.05.16"]
[Round "3.6"]
[White "Haubro, Martin"]
[Black "French, Max"]
[Result "1-0"]
[WhiteElo "2380"]
[BlackElo "2178"]
[Annotator "TA"]
[PlyCount "129"]
[EventDate "2019.05.16"]
[EventCountry "DEN"]
[SourceTitle "playchess.com"]
[Source "ChessBase"]
[SourceQuality "1"]

{[%evp 9,129,21,18,4,35,27,40,22,31,26,41,25,27,29,29,38,42,34,18,35,41,18,8,0,0,-66,0,0,0,-56,-12,-11,-7,-8,-9,-9,-12,-12,-12,-20,-19,-277,-54,-112,-84,-86,-15,-25,29,22,20,24,29,11,10,0,18,17,32,17,20,17,17,17,74,0,37,37,35,39,36,38,58,58,55,51,51,25,25,17,25,25,25,25,24,25,58,26,64,57,85,85,98,92,286,293,287,276,296,292,376,364,516,503,476,456,440,418,855,568,2642,448,5514,2024,29977,29979,29978,29979,29979,29980,29977,29978]} 1. e4 c6 2. d4 d5 3. e5 c5 4. dxc5 e6 5. Nf3 Bxc5 6. a3 {B12: Caro-Kann: Advance Variation} Nc6 7. b4 Bb6 8. Bd3 $146 {White is slightly better.} (8. b5 Nb8 9. Bb2 a6 10. a4 Nh6 11. Be2 axb5 12. axb5 Rxa1 13. Bxa1 {1-0 (40) Grischuk,A (2771)-Navara,D (2739) Shamkir 2019}) ({Predecessor:} 8. Bb2 Nge7 {1-0 (66) Movsesian,S (2666)-Paichadze,L (2573) Reykjavik 2015}) 8... Nge7 9. Bb2 Ng6 10. O-O O-O 11. Re1 f6 12. exf6 gxf6 13. c4 $1 Nf4 14. Bf1 e5 15. cxd5 Qxd5 16. Nc3 Qf7 17. Ne4 (17. Na4 $11) 17... Rd8 (17... Bg4 $15) 18. Qc2 $11 Be6 19. Nc5 (19. Rad1 $11) 19... Bxc5 20. Qxc5 Nd3 21. Bxd3 $1 Rxd3 22. Rad1 $132 {[%mdl 2048] White puts up resistance} Rad8 23. Rxd3 Rxd3 24. Qc2 Qd7 25. Bc1 $2 {[%mdl 8192] [#]} (25. Re3 $11 Rd5 26. h3) 25... Bb3 $2 (25... Rxf3 $1 $19 {[%mdl 512]} 26. gxf3 Nd4 $1 {[%mdl 512]}) 26. Qc5 (26. Qe2 $15) 26... b6 27. Qb5 Bd1 (27... Be6 $17) 28. Nh4 Rd4 {[#]} (28... Bg4 $142) 29. Nf5 $1 {[%mdl 512]} Qxf5 30. Qxc6 {Hoping for Qa8+.} Kf7 31. Be3 Qd7 32. Qa8 Rd5 33. h3 Bc2 34. Kh2 Rd1 35. Re2 Bd3 36. Rb2 Kg7 {[#]} (36... Bf5 $1 $11 {remains equal.}) 37. Rb3 (37. a4 $1 $16 {[%mdl 512]}) 37... Qc7 (37... Bc4 $5 {[%cal Rc4b3]} 38. Rc3 Bd5 $11) 38. Qf3 e4+ 39. Qg3+ Qxg3+ 40. Kxg3 $14 {[%mdl 4096] Endgame KRB-KRB} Bf1 41. Rc3 Rd7 42. Rc8 Kf7 43. a4 (43. Rc1 $5 {[%cal Rc1f1]} Bd3 44. a4 $14) 43... Ke6 44. Rg8 Kf7 45. Rh8 Ke6 46. Kh2 Kd5 47. Rc8 Ba6 48. Rc1 Bd3 49. g4 f5 50. g5 Rb7 51. Kg3 b5 $2 (51... Be2 $16) 52. Rc5+ $18 Ke6 53. a5 {[%cal Ba4a5,Ba5a6][%mdl 32]} Bc4 54. Kf4 Bd5 55. a6 Rf7 (55... Rd7 $142 56. Rxb5 Re7) 56. Rxb5 Bc4 57. Re5+ Kd6 58. Rxf5 Rxf5+ (58... Rg7 $142 59. Kxe4 Re7+ 60. Kf4 Ke6 61. Re5+ Kf7) 59. Kxf5 Bxa6 {KB-KB} 60. h4 (60. Kf6 $142 {h4 is the strong threat.} Bc8 61. h4) 60... Bc8+ {[#]} (60... Ke7 $142 61. Kxe4 Ke6 62. Bxa7 Bb7+ 63. Kd4 Bc6) 61. Kf6 $1 a6 62. h5 {White mates.} Be6 63. g6 Bg8 64. Kg7 {[%mdl 64] Double Attack} hxg6 65. h6 {Accuracy: White = 60%, Black = 31%.} 1-0

[Event "Copenhagen Chess Challenge 2019"]
[Site "Ballerup"]
[Date "2019.05.16"]
[Round "3.7"]
[White "Lilja, Richard"]
[Black "Brynell, Stellan"]
[Result "0-1"]
[WhiteElo "2103"]
[BlackElo "2406"]
[Annotator "TA"]
[PlyCount "108"]
[EventDate "2019.05.16"]
[EventCountry "DEN"]
[SourceTitle "playchess.com"]
[Source "ChessBase"]
[SourceQuality "1"]

{[%evp 15,108,4,19,13,5,-57,-64,-67,-56,-62,-68,-70,-58,-91,-93,-132,-127,-122,-112,-179,-172,-161,-130,-156,-154,-200,-202,-215,-208,-253,-247,-244,-237,-241,-235,-242,-249,-261,-220,-276,-276,-276,-268,-269,-275,-268,-266,-272,-257,-279,-286,-286,-259,-283,-270,-304,-295,-321,-303,-295,-255,-255,-255,-255,-249,-485,-246,-485,-484,-483,-483,-480,-479,-472,-465,-481,-481,-475,-473,-452,-302,-302,-301,-411,-401,-378,-322,-1944,-1853,-1654,-1612,-1442,-1389,-1529,-773]} 1. e4 e6 2. d3 d5 3. Nd2 Nf6 4. Ngf3 c5 5. g3 g6 6. Bg2 Bg7 7. exd5 Nxd5 8. O-O Nc6 9. Nb3 {A08: King's Indian Attack} b6 $1 10. c4 (10. d4 $11) 10... Nde7 $1 $15 11. d4 {Black is slightly better.} Ba6 12. dxc5 Bxc4 13. Re1 O-O 14. Qxd8 $146 ({Predecessor:} 14. Bg5 Bxb2 15. Rb1 Qxd1 16. Rexd1 Bg7 17. cxb6 axb6 {0-1 (46) Ivkov,B (2420)-Efimenko,Z (2689) Valjevo 2012}) 14... Rfxd8 15. cxb6 axb6 {...Bxb3 is the strong threat.} 16. Nfd2 Bd5 17. a3 (17. Bxd5 $17 {was necessary.} Nxd5 18. Re2) 17... Ne5 $19 18. Bxd5 Nxd5 19. Rb1 {[#]} Rac8 $1 20. Kg2 Nd3 21. Rd1 Rc2 22. Na1 Rxc1 {[%mdl 64] Overworked Piece} 23. Rbxc1 Nxc1 24. Rxc1 Bxb2 {[%mdl 64] [#] Double Attack} 25. Rb1 Bxa3 26. Nc4 Ra8 27. Nxb6 Nxb6 28. Rxb6 {[%mdl 4096] Endgame KRB-KRN} Bc5 29. Rc6 Bxf2 $1 ({Not} 29... Rxa1 30. Rxc5 h5 31. Kf3 $17) 30. Nc2 Ba7 31. Ra6 {Na3 would now be nice for White.} Rc8 32. Nb4 Bd4 33. Nc6 {Black must now prevent Ne7+.} Bf6 34. g4 h5 35. h3 Kg7 36. Kg3 hxg4 37. hxg4 Rh8 38. Ra5 Rh1 39. Rc5 g5 40. Ra5 $2 (40. Kf2) 40... Rb1 (40... Rc1 $142 41. Ne5 Bd8) 41. Ra6 $2 (41. Rc5) 41... Rb3+ 42. Kg2 Rc3 43. Kh2 Rc5 44. Kg2 Be5 45. Kf3 Kf6 46. Nd8 Rc3+ 47. Ke2 Rc8 48. Nc6 Bf4 49. Nb4 Rh8 50. Nd5+ Ke5 51. Nxf4 $2 (51. Nb6) 51... Kxf4 {Black is clearly winning.} 52. Ra4+ Kg3 53. Ra7 Rh2+ 54. Ke3 Rf2 {Accuracy: White = 34%, Black = 73%.} 0-1

[Event "Copenhagen Chess Challenge 2019"]
[Site "Ballerup"]
[Date "2019.05.16"]
[Round "3.8"]
[White "Mikkel Djernæs Antonsen"]
[Black "Jaksland, Tim"]
[Result "1-0"]
[WhiteElo "2423"]
[BlackElo "2213"]
[Annotator "TA"]
[PlyCount "93"]
[EventDate "2019.05.16"]
[EventCountry "DEN"]
[SourceTitle "playchess.com"]
[Source "ChessBase"]
[SourceQuality "1"]

{[%evp 9,93,1,44,52,51,58,59,39,47,43,36,41,31,34,54,27,69,69,66,63,73,69,69,37,33,44,83,72,137,137,134,142,177,169,160,158,189,116,123,124,150,150,157,156,150,157,162,153,301,120,300,308,353,301,329,316,307,311,314,311,274,267,258,102,94,97,112,96,200,137,194,181,221,244,318,310,29992,29993,29993,29994,29994,29992,29995,29996,29998,29999]} 1. d4 Nf6 2. c4 c5 3. d5 b5 4. cxb5 a6 5. bxa6 g6 6. Nc3 {A58: Benko/Volga Gambit: Lines with 5 bxa6} Bg7 7. e4 {e5 is the strong threat.} O-O 8. a7 {White is slightly better.} (8. e5 Ne8 9. h4 Bxe5 10. Bh6 Bxa6 11. h5 Ng7 12. Nf3 Bxc3+ 13. bxc3 Bxf1 14. Kxf1 {1-0 (22) So,W (2780)-Duda,J (2737) chess.com INT 2018}) 8... Rxa7 9. Bc4 $146 ({Predecessor:} 9. Bd3 e6 10. Nge2 exd5 11. exd5 Ba6 12. O-O d6 13. Nb5 Bxb5 {0-1 (43) Sole Pijuan,F (2320)-Touzane,O (2301) Castell de Sant Ferran 2018}) 9... e6 10. Nge2 exd5 11. exd5 d6 12. O-O Ba6 13. Nb5 $36 {[%mdl 2048] Black is under pressure.} Bxb5 14. Bxb5 Na6 15. Nc3 Nc7 16. Bg5 h6 17. Bxf6 Bxf6 18. Bc6 Bxc3 (18... Be5 $142) 19. bxc3 $16 Ne8 20. Qd2 Kg7 21. a4 {[%cal Ba2a4,Ba4a5,Ba5a6][%mdl 32]} Nf6 22. c4 Nd7 23. Bxd7 (23. a5 $18) 23... Qxd7 24. Qc3+ Kg8 25. a5 Rfa8 26. Rfb1 $1 Qd8 {[%cal Ra7a5]} 27. Rb5 Qf8 28. Rb6 Qg7 (28... Qd8 $16 29. Rb5 Qf8) 29. Qxg7+ $18 Kxg7 {[%mdl 4096] Endgame KRR-KRR} 30. a6 (30. Rxd6 Rxa5 31. Rxa5 Rxa5 $11) 30... Kf6 31. f4 Ke7 32. Kf2 Kd7 33. f5 gxf5 34. Kf3 Kc7 35. Rc6+ Kd7 36. Rb1 $2 (36. Ra5 $1 $18 {and the rest is easy.}) 36... Rxa6 $16 37. Rb7+ Ke8 {[#]} 38. Rcc7 $1 {[%mdl 1024] White has strong compensation.} Ra1 (38... Ra2 $16 {keeps fighting.} 39. Re7+ Kf8) 39. Kg3 (39. Rxf7 R8a3+ 40. Kf2 R1a2+ 41. Kg1 Ra1+ 42. Kf2 R1a2+ 43. Kg1 Ra1+ 44. Kf2 $11) 39... f4+ (39... Re1 $16 40. h3 (40. Rxf7 Re4 $16) 40... Re4) 40. Kg4 $18 (40. Kxf4 Rf1+ 41. Kg4 Kf8 $11) 40... Rg1 41. Re7+ ({But not} 41. Rxf7 $6 Rxg2+ 42. Kf5 f3 $16) ({Less strong is} 41. Kxf4 Rf1+ 42. Kg4 Kf8 $11) 41... Kf8 42. Rxf7+ Kg8 $2 (42... Ke8 $18 43. Rh7 Rxg2+ 44. Kf3 (44. Kxf4 Kf8 $18) 44... Rg8 45. Rxh6 Rf8 46. Re6+ Kd8 47. Rxd6+ Kc8) 43. Rg7+ {White mates.} Kh8 44. Rh7+ Kg8 {[#]} 45. Rbg7+ $1 Kf8 46. Kf5 f3 47. Kf6 {Accuracy: White = 75%, Black = 49%.} 1-0

[Event "Copenhagen Chess Challenge 2019"]
[Site "Ballerup"]
[Date "2019.05.16"]
[Round "3.8"]
[White "Mads Overgaard Svendsen"]
[Black "Nielsen, Viktor Haarmark"]
[Result "1/2-1/2"]
[WhiteElo "2062"]
[BlackElo "2279"]
[Annotator "TA"]
[PlyCount "81"]
[EventDate "2019.05.16"]
[EventCountry "DEN"]
[SourceTitle "playchess.com"]
[Source "ChessBase"]
[SourceQuality "1"]

{[%evp 12,81,9,-40,148,148,170,162,226,205,232,225,267,252,320,315,327,319,321,326,318,324,318,319,421,424,427,150,462,157,157,152,158,157,154,156,152,126,131,132,156,159,188,142,148,108,125,135,133,95,115,106,118,122,135,129,213,198,187,39,39,39,39,41,39,37,53,0,45,0,51,0]} 1. e4 c5 2. Nf3 e6 3. d4 cxd4 4. Nxd4 Nc6 5. c4 Nf6 6. Nc3 Bb4 7. f3 Nxe4 $2 {B44: Sicilian: Taimanov: 5 Nb5} (7... d5 $15 {stays ahead.}) (7... O-O 8. Be3 d5 9. Nxc6 bxc6 10. e5 Nd7 11. f4 f6 12. Bd3 fxe5 13. fxe5 Nxe5 14. Bxh7+ Kxh7 15. Qh5+ Kg8 16. Qxe5 {0-1 (23) Turaev,H (2316)-Fier,A (2551) Tashkent 2019}) 8. fxe4 $16 Qh4+ 9. Ke2 Bxc3 (9... O-O {was worth a try.} 10. Nf3 Qg4) 10. bxc3 $18 Qxe4+ 11. Kf2 Ne5 12. Be2 Qh4+ $146 ({Predecessor:} 12... O-O 13. Rf1 d5 14. c5 Bd7 15. Kg1 {1-0 (25) Czerniak,M-Luckis,M Buenos Aires 1939}) 13. g3 Qf6+ 14. Kg2 b6 {intending ...Bb7+.} 15. Rf1 Bb7+ 16. Kg1 Qe7 {If Black can now play ...0-0 this consolidates a bit.} 17. Nb5 O-O 18. Ba3 Qg5 {[#] Hoping for ...Qe3+.} 19. Bxf8 $2 (19. Qd4 $18 {is the precise move to win.}) 19... Qe3+ $16 20. Rf2 {Strongly threatening Nd6.} Qe4 {[%csl Gb7][%cal Re4h1]} 21. Bf3 Nxf3+ 22. Qxf3 Qxf3 23. Rxf3 Bxf3 24. Kf2 Kxf8 25. Kxf3 {[%mdl 4096] Endgame KRN-KR} Ke7 26. Ke3 h5 27. Rb1 g5 28. Nd4 Rc8 29. Kd3 f5 30. Nf3 Kf6 31. h4 g4 32. Nd4 e5 {[#]} 33. Nb5 $1 a6 (33... f4 $16 {was called for.}) 34. Na3 $18 Rc6 35. c5 (35. Nc2 $18) 35... bxc5 $14 36. Rb8 d5 $1 37. Rf8+ Kg6 38. Rg8+ Kf6 39. Rf8+ Kg6 40. Rg8+ Kf6 41. Rf8+ {Accuracy: White = 45%, Black = 55%.} ({White should try} 41. Rd8 $14) 1/2-1/2

[Event "Copenhagen Chess Challenge 2019"]
[Site "Ballerup"]
[Date "2019.05.16"]
[Round "3.9"]
[White "Sorensen, Per Settergren"]
[Black "Koch-Muller, Oscar"]
[Result "1-0"]
[WhiteElo "2030"]
[BlackElo "1919"]
[Annotator "NA RC"]
[PlyCount "107"]
[EventDate "2019.05.16"]
[EventCountry "DEN"]
[SourceTitle "playchess.com"]
[Source "ChessBase"]
[SourceQuality "1"]

1. Nf3 c5 2. g3 g6 3. Bg2 Bg7 4. O-O Nf6 5. d3 d5 6. Nbd2 Nc6 7. e4 dxe4 8. Nxe4 Nxe4 9. dxe4 O-O 10. c3 e5 {A08: King's Indian Attack} (10... Qxd1 11. Rxd1 h6 12. Ne1 Bg4 13. f3 Be6 14. Nd3 Rad8 15. Be3 b6 16. f4 Bg4 17. Rd2 Na5 18. Nf2 Rxd2 19. Bxd2 {1-0 (60) Sulskis,S (2562)-Kreisl,R (2337) Vienna 2008}) 11. Qe2 $146 ({Predecessor:} 11. Be3 b6 12. Qc1 Qe7 13. Bh6 Bb7 14. Rd1 Rad8 15. Bxg7 Kxg7 16. Qc2 Rxd1+ 17. Rxd1 Rd8 18. Rxd8 Qxd8 {0-1 (75) Sewald,R (1665)-Riesen,P Cologne 2015}) 11... Qe7 12. Be3 b6 13. Rfd1 Bb7 14. Rd2 Rfd8 15. Rad1 Rxd2 16. Rxd2 Rd8 17. Bg5 f6 18. Be3 Rxd2 19. Qxd2 Qd8 20. Bf1 Qxd2 21. Nxd2 Kf8 22. Bc4 Nb8 23. a4 Na6 24. h4 Nc7 25. Kf1 a6 26. f3 Ke8 27. Bg8 h5 $2 ({Better is} 27... Bf8 $1 $14) 28. a5 bxa5 29. Bxc5 Nb5 30. Bb3 Bc6 31. Nc4 a4 32. Bxa4 Nd4 33. Bxc6+ ({Don't take} 33. cxd4 Bxa4 34. d5 Bh6 $16) 33... Nxc6 34. b4 Bf8 35. Bxf8 Kxf8 36. Ke2 Ke7 37. Kd3 g5 (37... f5 {was necessary.} 38. f4 exf4) 38. Ne3 gxh4 39. Nf5+ Kd7 40. Nxh4 $18 (40. gxh4 $142 Nd8 41. Ng7) 40... a5 41. bxa5 Nxa5 42. Nf5 Nc6 43. Ng7 Ne7 44. Nxh5 f5 45. Ng7 fxe4+ 46. Kxe4 Nc6 47. g4 Kd6 48. Nf5+ Ke6 49. Ne3 Nd8 50. Nc4 Nf7 51. Nd2 Ng5+ 52. Ke3 Kd5 53. c4+ Kd6 54. Ne4+ 1-0

[Event "Copenhagen Chess Challenge 2019"]
[Site "Ballerup"]
[Date "2019.05.16"]
[Round "3.10"]
[White "Hvalsoe, Rune"]
[Black "Hacker, Jonas"]
[Result "0-1"]
[WhiteElo "2004"]
[BlackElo "2386"]
[Annotator "TA"]
[PlyCount "84"]
[EventDate "2019.05.16"]
[EventCountry "DEN"]
[SourceTitle "playchess.com"]
[Source "ChessBase"]
[SourceQuality "1"]

{[%evp 9,84,-9,0,-59,-46,-54,-49,-157,-174,-149,-150,-150,-61,-306,-276,-308,-179,-187,-106,-103,-113,-114,-110,-104,-107,-92,-42,-36,-42,-46,-39,-108,0,-63,-11,-12,-11,-36,-12,-12,-9,-12,-12,-12,-12,-16,12,-426,29,29,29,29,29,29,29,29,39,28,33,0,0,-401,-389,-656,-668,-734,-714,-2220,-740,-1008,0,-2233,-2061,-1856,-1797,-1029,-1022]} 1. e4 e5 2. Bc4 Nf6 3. d4 exd4 4. Nf3 Nc6 5. e5 d5 6. Bd3 {C56: Two Knights: 4 d4 exd4 5 0-0 Nxe4} (6. Bb5 $11 Ne4 7. Nxd4) (6. Bb5 Nd7 7. O-O Be7 8. Re1 O-O 9. Bxc6 bxc6 10. Nxd4 Nb8 11. Qf3 c5 12. Nf5 Bxf5 13. Qxf5 Qd7 14. Qxd7 Nxd7 15. Nc3 c6 16. b3 {1-0 (47) Mamedov,R (2703)-Postny,E (2615) St Petersburg 2018}) 6... Ne4 7. O-O Bg4 8. Bf4 $146 (8. Nbd2 $15) ({Predecessor:} 8. Be2 Bc5 9. Bf4 O-O 10. Nbd2 Qe7 11. h3 Bh5 12. Re1 f6 13. Nxe4 dxe4 14. Nxd4 Bxe2 15. Nxe2 fxe5 {1-0 (35) Munoz Garcia,E-Arias Sastre,A Valladolid 1982}) 8... g5 $17 9. Bg3 h5 {Strongly threatening ...h4.} 10. h3 h4 (10... Nxg3 $17 11. fxg3 Bd7) 11. hxg4 $2 (11. Bh2 $15 Be6 12. Nbd2) 11... hxg3 $19 12. fxg3 Bc5 (12... Qd7 $142 13. Bxe4 dxe4 14. Nxg5 Bh6) 13. Nbd2 Qe7 ({Resist} 13... Nxg3 14. Re1 $17) (13... Qd7 $19 14. e6 fxe6 15. Bxe4 d3+ 16. Rf2 Bxf2+ 17. Kxf2 dxe4 18. Nxe4 O-O-O 19. Qxd3 Qxd3 20. cxd3 Rxd3 21. Nexg5 Rg8 22. Nxe6 Rxg4) 14. Qe1 $17 Nxd2 ({Avoid the trap} 14... Nxe5 $2 15. Nxe5 Bb4 16. Nxe4 $1 $18 {[%mdl 512]}) 15. Qxd2 Rg8 16. a3 Bb6 17. Rfe1 Nd8 18. b4 Ne6 19. Kf1 c5 20. Bf5 (20. bxc5 $15 Qxc5 21. Qb4) 20... cxb4 (20... O-O-O $17) 21. axb4 (21. Qxb4 $11 Rc8 22. Qb5+ Qd7 23. Rab1) 21... Rc8 (21... O-O-O $1 $15) 22. Rab1 Rc4 23. Rb3 Qc7 24. Bd3 Rc3 25. Rxc3 dxc3 26. Bb5+ {[%mdl 64] Discovered Attack} Ke7 $1 27. Qxd5 a6 {Hoping for ...Rd8.} (27... Rd8 $5 {[%cal Rd8d5]} 28. Qe4 a6 $11) 28. Ba4 $2 {[%mdl 8192] [#]} (28. Qd6+ $11 Qxd6 29. exd6+ Kxd6 30. Rd1+ Kc7 31. Bc4) 28... Ba7 $2 (28... Rd8 $1 $19 {[%cal Rd8d5]} 29. Qe4 Ba7) 29. Qd6+ $1 $11 {[%mdl 64] Decoy} Qxd6 30. exd6+ Kxd6 31. Rd1+ Kc7 32. Rd7+ Kb8 33. Rxf7 Nd4 34. Rd7 Rf8 {And now ...b5 would win.} 35. Re7 $2 {[%mdl 8192]} (35. Ke1 $1 $11 {and White is okay.} Nxf3+ 36. gxf3) 35... b5 $19 36. Bb3 $2 (36. Bxb5 axb5 37. Re3) 36... Nxb3 37. Ke1 Nd4 38. Ne5 Rd8 (38... Nxc2+ $142 39. Kd1 Ne3+ {[%mdl 64] Double Attack} 40. Ke2 Rc8) 39. Kf1 Rf8+ (39... Ka8 $142 40. Rc7 Re8) 40. Ke1 {intending Nd7+.} Nxc2+ {Black is clearly winning.} 41. Kd1 Ne3+ {[%mdl 64] Double Attack} 42. Ke2 Rc8 {Accuracy: White = 34%, Black = 39%.} 0-1